000 00350pab a2200157 454500
008 180718b2011 xxu||||| |||| 00| 0 eng d
100 _aVerma, A.K.
245 _aWhy anger against civil society?
260 _c2011
300 _ap.12-13.
362 _a10 Sep
650 _aCivil society
773 _aMainstream
908 _aN
909 _a93154
999 _c93154
_d93154